000 00831nas a2200265 4500
001 BR9202986
003 BR-BrBNA
005 20231205092602.0
007 ta
008 230509b bl.|||p| |||| 00| 00por d
040 _aBR-BrBNA
_bpor
_cBiblioteca Nacional de Agricultura
041 _a(Pt)
072 _aQ02
100 1 _aLacerda, T.H.M.
100 1 _aOliveira, A.J. de
100 1 _aCaruso, J.G.B.
245 1 _aViabilidade do tratamento do soro de queijo com digestao anaerobia
246 1 _aAerobic digestion of cheese whey
650 _aQUEIJO
650 _aSORO DE LEITE
650 _aDIGESTAO ANAEROBIA
773 0 _tAnais da Escola Superior de Agricultura Luiz de Queiroz (Brazil)
_xISSN 0071-1276
_g(1990), v. 47(2) p. 557-573
_wBR9202986
909 _a202311
_bLúcia
_c55
_dLúcia Elande
942 _2AGRIS
_n0
_cANA
999 _c132666
_d132666